Teatro

Guardat en:
Dades bibliogràfiques
Autor principal: Maeterlinck, Maurice (autor)
Format: Llibre
Idioma:espanyol
Publicat: Ciudad de México Aguilar 1958
Edició:2a. ed
Col·lecció:Biblioteca Premios Nobel
Matèries:
Etiquetes: Afegir etiqueta
Sense etiquetes, Sigues el primer a etiquetar aquest registre!

MARC

LEADER 00000cam a2200000 a 4500
001 UCZ5818
003 CL-VaPUC
008 951124e19580000MX |||||||||||||||||spa|d
082 0 4 |a 842  |b MAE  |2 21 
100 |a Maeterlinck, Maurice  |e autor  |9 350002 
245 1 0 |a Teatro 
250 |a 2a. ed 
300 |a v 
942 |c BK 
945 |d 19951124 00:00:00  |a lriquelm 
260 |a Ciudad de México  |b Aguilar  |c 1958 
500 |a v.1: La princesa Malena. La intrusa. Los ciegos. Peleas y Melisanda. Aladina y Palomides. Interior. La muerte de Tintagiles. Aglavena y Seliseta. Ariana y barba azul. Sor Beatriz. Monna Vanna. Joyzelle. María Magdalena. El milagro. De San Antonio. El burgomaestre de Stilmonde. La sal dela vida. La desdicha pasa. El poder de los muertos. María Victoria. La princesa Isabel. El padre Setubal. Juana de Arco 
500 |a v.2: La vida de las abejas. La vida de los Termes. La vida de las hormigas. Senderos en la montaña. La vida del espacio. La maravilla de lo infinito. La araña de vidrio 
650 7 |a TEATRO BELGA  |2 CL-VaPUC  |9 350003 
650 7 |a DRAMAS BELGAS  |2 CL-VaPUC  |9 349003 
650 0 |a Literatura belga   |9 349579 
650 0 |a Misticismo  |9 265505 
650 7 |a PROSAS BELGAS  |2 CL-VaPUC  |9 350004 
583 |a last modification  |c 20130823 04:39:59  |k Rodrigo Vera 
490 0 |a Biblioteca Premios Nobel 
999 |c 242106  |d 242104 
952 |0 0  |1 0  |4 0  |6 842_000000000000000_MAE_1958  |7 0  |8 P  |9 254834  |a BIBEDU  |b BIBEDU  |c BIBEDU_PB  |d 2019-11-19  |h v.1  |i 1577514  |o 842 MAE 1958  |p 1577514  |r 2024-01-25  |w 2019-11-19  |y BK  |k FIL 
952 |0 0  |1 0  |4 0  |6 842_000000000000000_MAE_1958  |7 0  |8 P  |9 254835  |a BIBEDU  |b BIBEDU  |c BIBEDU_PB  |d 2019-11-19  |h v.2  |i 1577522  |o 842 MAE 1958  |p 1577522  |r 2024-01-25  |w 2019-11-19  |y BK  |k FIL 
952 |0 0  |1 0  |3 erb  |4 0  |6 842_000000000000000_MAE_1958  |7 0  |8 A  |9 254836  |a BIBART  |b BIBART  |d 2019-11-19  |h V.1  |i 5001714  |o 842 MAE 1958  |p 5001714  |r 2025-03-13  |w 2019-11-19  |y BK  |z Catalogado en:20130829  |k ART